Logo BPK

Biblioteka

Politechniki Koszalińskiej

Einführung in die Sprechwissenschaft / (Rekord nr 49544)

Szczegóły MARC
000 -ETYKIETA REKORDU
podpole kontrolne o stałej długości 00563nam a2200205 i 4500
001 - NUMER KONTROLNY REKORDU
pole kontrolne bgj
040 ## - ŹRÓDŁO KATALOGOWANIA
Instytucja, która utworzyła rekord BPK
041 0# - KOD JĘZYKA
Kod języka tekstu ger
044 ## - KOD KRAJU WYDAWCY/PRODUCENTA
Kod kraju wydawcy/producenta DEU
080 ## - UNIWERSALNA KLASYFIKACJA DZIESIĘTNA - UKD
UKD 81'1
008 - POLE O STAŁEJ DŁUGOŚCI - DANE KONTROLNE
podpole kontrolne o stałej długości s gw f |000 0 ger
245 10 - TYTUŁ/ODPOWIEDZIALNOŚĆ
Tytuł Einführung in die Sprechwissenschaft /
Pozostałe elementy strefy tytułu i oznaczenia odpowiedzialności von Heinz Fiukowski [et al.].
250 ## - STREFA WYDANIA
Oznaczenie wydania 3. neubearb. Aufl.
260 ## - STREFA ADRESU WYDAWNICZEGO
Miejsce wydania Leipzig :
Nazwa wydawcy/dystrybutora VEB Bibliographisches Institut,
Data publikacji, dystrybucji/powstania dokumentu 1982.
300 ## - STREFA OPISU FIZYCZNEGO
Objętość 271 s. :
Inne cechy fizyczne wykr. ;
Rozmiary 22 cm.
504 ## - UWAGA DOTYCZĄCA BIBLIOGRAFII
Informacje o bibliografii Bibliogr. s. 265-271.
650 ## - HASŁO PRZEDMIOTOWE W FORMIE NAZWY OGÓLNEJ LUB JEDNOSTKOWEJ
Nazwa ogólna lub geograficzna Językoznawstwo
700 1# - HASŁO DODATKOWE - NAZWA OSOBOWA
Nazwa osobowa FIUKOWSKI, Heinz.
942 ## - DODATKOWE ELEMENTY (KOHA)
Typ dokumentu Książka
Egzemplarze
Wycofany Status egzemplarza Uszkodzony Dostępność Lokalizacja stała Lokalizacja bieżąca Miejsce przechowywania Sygnatura Kod kreskowy Typ dokumentu
      Dostępny Biblioteka Politechniki Koszalińskiej Biblioteka Politechniki Koszalińskiej Wypożyczalnia Językowa N 1346 02437606 Książka
      Dostępny Biblioteka Politechniki Koszalińskiej Biblioteka Politechniki Koszalińskiej Wypożyczalnia Językowa N 1347 02437590 Książka
      Dostępny Biblioteka Politechniki Koszalińskiej Biblioteka Politechniki Koszalińskiej Wypożyczalnia Językowa N 1348 02437583 Książka
      Dostępny Biblioteka Politechniki Koszalińskiej Biblioteka Politechniki Koszalińskiej Wypożyczalnia Językowa N 1374 02437576 Książka
      Dostępny Biblioteka Politechniki Koszalińskiej Biblioteka Politechniki Koszalińskiej Wypożyczalnia Językowa N 1375 02437569 Książka
      Dostępny Biblioteka Politechniki Koszalińskiej Biblioteka Politechniki Koszalińskiej Wypożyczalnia Językowa N 1376 02437552 Książka
      Dostępny Biblioteka Politechniki Koszalińskiej Biblioteka Politechniki Koszalińskiej Wypożyczalnia Językowa N 1377 02437545 Książka
© 2023 Biblioteka Politechniki Koszalińskiej :: KOHA